Environmental soil science /
Salvato in:
| Autore principale: | |
|---|---|
| Natura: | Libro |
| Pubblicazione: |
Boca Raton :
CRC Press,
c2009.
|
| Edizione: | 3rd ed. |
| Serie: | Books in soils, plants, and the environment
|
| Soggetti: | |
| Tags: |
Aggiungi Tag
Nessun Tag, puoi essere il primo ad aggiungerne!!
|
MARC
| LEADER | 00000cam a22000004a 4500 | ||
|---|---|---|---|
| 020 | |a 9781420072808 |c TZS 257,194/= | ||
| 040 | |a MUL |b eng |e AACR | ||
| 082 | 0 | 0 | |a 631.4 TAN |
| 100 | 1 | |a Tan, Kim H. | |
| 245 | 1 | 0 | |a Environmental soil science / |c Kim H. Tan. |
| 250 | |a 3rd ed. | ||
| 260 | |a Boca Raton : |b CRC Press, |c c2009. | ||
| 300 | |a xxxvi, 557 p. : |b ill. ; |c 24 cm. | ||
| 440 | 0 | |a Books in soils, plants, and the environment | |
| 504 | |a Includes bibliographical references (p. 489-516) and index. | ||
| 546 | |a eng. | ||
| 650 | 0 | |a Soils | |
| 650 | 0 | |a Soil science. | |
| 942 | |c BK | ||
| 999 | |c 3531 |d 3531 | ||